000 005310000a22001810004500
003 MACL
005 20160416135450.0
008 160416b xxu||||| |||| 00| 0 eng d
040 _aMACL
_cMACL
041 _aHindi
082 _a580
100 _aशर्मा पवित्र कुमार
_947914
245 _aहमारे पेड-पौधे
260 _bवरूण प्रकाशन
_c2001
_aनई दिल्‍ली
350 _a100
650 _aBotany Plants
_952456
942 _cHIN
_k580
_2ddc
999 _c18350
_d18350